| 000 | 00902nam a2200325Ia 4500 | ||
|---|---|---|---|
| 005 | 20251020182537.0 | ||
| 008 | 200515s9999 xx 000 0 und d | ||
| 020 | _a978-84-252-2470-6 | ||
| 082 | _a721/B36 | ||
| 100 | _aBeinhauer, Peter | ||
| 245 | 0 | _aAtlas de detalles constructivos Rehabilitación con 199 ejemplos | |
| 260 | _aBarcelona | ||
| 260 | _bGustavo Gili | ||
| 260 | _c2013 | ||
| 300 | _a248 p. | ||
| 300 | _bil., graf. | ||
| 500 | _a1 ejemplar | ||
| 520 | _aLos detalles constructivos son fundamentales a la hora de elaborar la documentación de la fase de ejecución de un proyecto arquitectónico. | ||
| 650 | _aBALCONES | ||
| 650 | _aCIMENTACIONES | ||
| 650 | _aCUBIERTAS | ||
| 650 | _aDETALLES CONSTRUCTIVOS | ||
| 650 | _aESCALERAS | ||
| 650 | _aPAREDES | ||
| 650 | _aPUERTAS | ||
| 650 | _aTECHOS | ||
| 650 | _aVENTANAS | ||
| 942 | _cLIB | ||
| 999 |
_c2260 _d2260 |
||